000 nam a22 7a 4500
999 _c9562
_d9562
008 180205b ||||| |||| 00| 0 eng d
100 _aKumar,V.etal.
_95714
245 _aTreasures of English-4
260 _aNew Delhi
_bCordova
_c2014